| 000 | 01050nam a22002777a 4500 | ||
|---|---|---|---|
| 999 |
_c115449 _d115449 |
||
| 003 | dpl | ||
| 005 | 20190207122948.0 | ||
| 008 | 190207b ||||| |||| 00| 0 eng d | ||
| 010 | _aB-003112 | ||
| 020 | _c90.00 | ||
| 035 | _aB-003112, B-003122 | ||
| 037 | _bCen Lib/Ret | ||
| 040 |
_aDPL _bHN _c0 |
||
| 082 |
_aक _bचक्रव |
||
| 100 |
_aचक्रवर्ती, परितोष _961479 |
||
| 245 |
_aघर बुनते हुए / _cपरितोष चक्रवर्ती |
||
| 246 |
_aGhar bunte huay / _bby Paritosh Chakravarty |
||
| 260 |
_aदिल्ली _bसारांश प्रकाशन _c1999 |
||
| 270 |
_bदिल्ली _a142ई, पॉकेट-४, मयूर विहार-1 _e110091 |
||
| 300 |
_a127पृ. _c21सेमी(सजिल्द) |
||
| 650 |
_aहिन्दी साहित्य _961480 |
||
| 650 |
_aकहानियां _961481 |
||
| 650 |
_aHindi literature _961482 |
||
| 650 |
_aStories _97500 |
||
| 942 |
_2ddc _cHN _hक _mचक्रव |
||